Измерения на болката (Запис номер 523238)
[ съкратено ]
| 000 -Лидер | |
|---|---|
| Лидер | 01322nam a2200253 a 4500 |
| 003 - Код на организацията, давaща контролен номер | |
| Код на организацията, даваща контролен номер | BLK |
| 005 - Дата и час на последна редакция | |
| Дата и час на последна редакция | 20250612181610.0 |
| 008 - Елементи от данни с фиксирана дължина | |
| Елементи с фиксирана дължина | 190716b bu |||gr|||| 00| 0 bu d |
| 020 ## - Международен стандартен номер на книга ISBN | |
| ISBN | 9786197771237 |
| 040 ## - Източник на каталожния запис | |
| Код на библиотеката | BLK |
| 041 ## - Код за език | |
| Език | Български |
| Език за КДБФ | Български |
| 080 ## - УДК | |
| УДК текст | Българска литература |
| УДК код | 821.163.2 |
| УДК – код + определител | 821.163.2-32(081) |
| 245 ## - Сведения за заглавието | |
| Заглавие | Измерения на болката |
| Подзаглавни данни | Разкази на ужасите |
| Авторска отговорност | състав. и ред. Милен Димитров |
| 260 ## - Област на издателските данни | |
| 9 (RLIN) | 218323 |
| Място на издаване | София |
| Име на издателя | Потайниче |
| Година на издаване | 2024 |
| Печатница | [София] : [Пулсио] |
| 300 ## - Физическа характеристика | |
| Брой страници | 304 с. |
| Размер | 22 см |
| 380 ## - Жанр | |
| Жанр | Худож. лит. |
| 500 ## - Общи забележки | |
| Обща забележка | В сборника са включени разкази от: Алекс Цонков, Анна Гюрова, Димитър Маргаритов, Димитър Цолов, Елена Зелена Бърдарова, Елена Павлова, Мария Пеева, Мария Раднева, Милен Димитров, Нина Митева, Ралица Пейкова, Явор Цанев. |
| 504 ## - Забележка за наличие на библиография и др | |
| Библиография | Биогр. данни за авт. отбелязани в текста |
| 700 1# - Други автори (авторска отговорност) | |
| 9 (RLIN) | 62001 |
| Друг автор | Димитров, Милен |
| 852 ## - Местоположение | |
| Сигнатура (форматна) | Цб 326863 |
| Отдел | Хранилище |
| 942 ## - АРТИКУЛИ | |
| Вид на библиотечния документ | Книги |
| Скрит в OPAC | Не |
| Koha issues (borrowed), all copies | 11 |
| 944 ## - СЪЗДАВАНЕ И РЕДАКЦИЯ на ЗАПИСА | |
| Дата на регистрацията/редакция | Нора Радева |
| Служител, извършил регистрацията/редакцията | 30575 |
| Номер на служител | Мартин Енчев |
| 999 ## - СИСТЕМНИ КОНТРОЛНИ НОМЕРА | |
| Koha biblionumber | 523238 |
| Koha biblioitemnumber | 523238 |
| Код за отписване | Код за изгубен артикул | Източник на класификационната схема | Код за повреда | Код за отдаване | Артикулен № | Име на библиотеката - собственик | Име на библиотеката, в която се намира в момента | Статус (Текущо местоположение) | Дата на вписване в системата | Местоположение - отдел | Цена в лева | Инвентарен номер | Систематично азбучна сигнатура | Баркод | Цена в евро | Служебен тип на артикула | Коз за рестрикции |
|---|---|---|---|---|---|---|---|---|---|---|---|---|---|---|---|---|---|
| Не е изгубен | Universal Decimal Classification | Не е повреден | заемане за дома | 956281 | Регионална библиотека "Любен Каравелов" Русе | Регионална библиотека "Любен Каравелов" Русе | Заемна - подръчен фонд | 2024-12-12 | Заемна - подръчен фонд | 15.00 | 120000915449 | 821.163.2-32/И 44 | 120000915449 | 7.67 | Книги | ||
| Не е изгубен | Universal Decimal Classification | Не е повреден | заемане за дома | 956282 | Регионална библиотека "Любен Каравелов" Русе | Регионална библиотека "Любен Каравелов" Русе | Заемна - подръчен фонд | 2024-12-12 | Заемна - подръчен фонд | 15.00 | 120000915448 | 821.163.2-32/И 44 | 120000915448 | 7.67 | Книги | ||
| Не е изгубен | Universal Decimal Classification | Не е повреден | ползва се в читалня | 971855 | Регионална библиотека "Любен Каравелов" Русе | Регионална библиотека "Любен Каравелов" Русе | Хранилище | 2025-05-22 | Хранилище | 20.00 | 120000919699 | Цб 326863 | 120000919699 | 10.23 | Книги | само за читалня |